| Registos Bibliográficos associados ao registo de autoridade |
|
Etiqueta de registo: 00737cam 2200205 450 001 1056704 003 http://id.bnportugal.gov.pt/bib/catbnp/1056704 005 20010730114800.0 100 ## $a20010521d2000 k y0pory0103 ba 101 0# $apor$ceng$dfre 102 ## $aPT 105 ## $ay m 001yy 106 ## $ar 200 1# $aModelos de validação técnica de contratos de compra-venda de energia eléctrica em
ambiente competitivo$bTexto policopiado]$fMário Helder Rodrigues Gomes 210 #9 $aPorto$c[s.n.],$d2000 215 ## $aIX, 184 f.$d30 cm 320 ## $aBibliografia, f. 123-134 328 ## $aTese mestr. Engenharia Electrótécnica e de Computadores, Univ. do Porto, 2000 675 ## $a621.3.03(043)$vBN$zpor$31230243 700 #1 $aGomes,$bMário Hélder Rodrigues$31001023 966 ## $lBN$mFGMON$sS.A. 97151 V.$x1
Etiqueta de registo: 00230nam 2200025 450 001 1724819 003 http://id.bnportugal.gov.pt/bib/catbnp/1724819 100 ## $a20090922d2007 k y0pory0103 ba 101 0# $apor$deng$dfre 102 ## $aPT 105 ## $aa m 001yy 106 ## $ar 200 1# $aNovos mecanismos de mercado de energia eléctrica e de serviços auxiliares em sistemas
eléctricos$bTexto policopiado]$fMário Helder Rodrigues Gomes$gorient. João Paulo Tomé Saraiva 210 #9 $aPorto$c[s.n.],$d2007 215 ## $aXLVIII, 384, [14] p.$cil.$d30 cm 320 ## $aBibliografia, p. 369-384 328 #0 $bTese dout.$cEngenharia Electrotécnica e de Computadores $eDep. de Engenharia Electrotécnica e de Computadores, Fac. de Engenharia, Univ. do
Porto$d2007 675 ## $a621(043)$vBN$zpor$90$3297307 700 #1 $aGomes,$bMário Hélder Rodrigues$31001023 702 #1 $aSaraiva,$bJoão Paulo Tomé,$f1962-$4727$399433 712 02 $aUniversidade do Porto.$bFaculdade de Engenharia.$bDepartamento de Engenharia Electrotécnica e de Computadores$4295$3126434 801 #0 $aPT$bBN$gRPC 966 ## $lBN$mFGMON$sS.A. 128349 V.$x1
Etiqueta de registo: 00254nam 2200025 450 001 2280850 003 http://id.bnportugal.gov.pt/bib/catbnp/2280850 100 ## $a20260317d2025 k y0pory01030103ba 101 0# $aeng$dpor 102 ## $aPT 105 ## $aa m 000yy 106 ## $ar 200 1# $aImprovement of urban sustainability in smarty city ecosystems based on energy resource
management and energy transaction$fFilipe Alexandre Guido Bandeiras$gorient. Álvaro Filipe Peixoto Cardoso de Oliveira Gomes, Mário Helder Rodrigues Gomes,
Paulo Manuel Machado Coelho 210 #9 $aCoimbra$c[s.n.],$d2025 215 ## $aXXII, 229 p.$cil.$d29 cm 328 #1 $aTese dout. Electrical and Computer Engineering (Energy), Faculty of Sciences and Technology
of the University of Coimbra, 2025 675 ## $a620.9(043)$vBN$zpor$3303617 675 ## $a711.4(043)$vBN$zpor$3298150 700 #1 $aBandeiras,$bFilipe Alexandre Guido$31991765 702 #1 $95$aGomes,$bÁlvaro$4727$31562572 702 #1 $aGomes,$bMário Hélder Rodrigues$4727$31001023 702 #1 $aCoelho,$bPaulo Manuel Machado,$f1964-$4727$3215266 801 #0 $aPT$bBN$gRPC 966 ## $lBN$mFGMON$sS.A. 193421 V.$x1 971 ## $cisantos$d20260317 973 ## $cigoulao$d20260401 975 ## $e0$d20260408$viquintas
|
|
|